Resultat del procés d'acreditació : aplicació de l'ordre de 21 de novembre de 1981 / aplicació de l'ordre de 21 de novembre de 1981 /
Descripción Física:
84 p. ; 24 cm
MARC
| LEADER | 00000nam a2200000Ia 4500 | ||
|---|---|---|---|
| 001 | 1548 | ||
| 008 | 160829s1984 xx 000 0 cat d | ||
| 080 | |a C-2-77 | ||
| 100 | |a Catalunya. Equip Territorial d'Inspecció Sanitària |9 19827 | ||
| 245 | |a Resultat del procés d'acreditació : |b aplicació de l'ordre de 21 de novembre de 1981 / |c Generalitat de Catalunya, Equip Territorial d'Inspecció Sanitària | ||
| 260 | |a Barcelona : |b Generalitat de Catalunya. Departament de Sanitat i Seguretat Social, |c 1984 | ||
| 300 | |a 84 p. ; |c 24 cm | ||
| 490 | |a Informes tècnics d' assistència sanitària ; 3 | ||
| 650 | |a Hospitals |x Catalunya |x Administració |9 19828 | ||
| 650 | |a Asistència hospitalària |x Catalunya |x Normes |9 19829 | ||
| 710 | 1 | |a Catalunya. |b Departament de Sanitat i Seguretat Social |9 56409 | |
| 901 | |a Arxiu | ||
| 942 | |n 1 | ||
| 952 | |0 0 |1 0 |4 0 |6 C277 |7 1 |9 41338 |a Arxiu |b Arxiu |d 2016-12-01 |l 0 |o C-2-77 |p 1548 |r 2016-12-01 00:00:00 |w 2016-12-01 |y ARXIU | ||
| 999 | |c 43146 |d 43146 | ||